| 000 | 01101cam a22003013a 4500 | ||
|---|---|---|---|
| 001 | 10884 | ||
| 003 | PGUSA | ||
| 005 | 20140828083230.0 | ||
| 008 | 040101s2004||||xxu|||||s|||||000 | eng d | ||
| 040 |
_aPGUSA _beng |
||
| 042 | _adc | ||
| 050 | 4 | _aZ | |
| 100 | 1 |
_aSmiles, Samuel, _d1812-1904 |
|
| 245 | 1 | 2 |
_aA Publisher and His Friends : _bMemoir and Correspondence of John Murray; with an Account of the Origin and Progress of the House, 1768-1843 _h[electronic resource] / _cSamuel Smiles |
| 260 |
_bProject Gutenberg, _c2004 |
||
| 506 | _aPublic domain in the USA. | ||
| 516 | _aElectronic text | ||
| 653 | _aPublishers and publishing -- Great Britain -- Correspondence | ||
| 653 | _aMurray, John, 1778-1843 | ||
| 653 | _aPublishers and publishing -- Great Britain -- Biography | ||
| 653 | _aJohn Murray (Firm) | ||
| 653 | _aPublishers and publishing -- Great Britain -- History -- 19th century | ||
| 700 | 1 |
_aMurray, John, _d1778-1843 |
|
| 700 | 1 |
_aMackay, Thomas, _d1849-1912 |
|
| 830 | 0 |
_aProject Gutenberg _v10884 |
|
| 856 | 4 | 0 | _uhttp://www.gutenberg.org/ebooks/10884 |
| 942 | _cEB | ||
| 999 |
_c240139 _d240139 |
||